Statistiques concernant Focus sur: Galadriel - Tolkien

Cliquez ici pour prendre le quiz!

Statistiques générales

  • Ce quiz a été pris 67 fois
    (64 depuis la dernière actualisation)
  • Le résultat moyen est 13 sur 28

Statistiques - réponses

Informations recherchéesRéponses% Correct
Couleur des cheveuxBlond argenté
100%
Profession et titreDame de Lórien
97%
EspèceElfe
97%
Première apparitionLe Seigneur des Anneaux: La Communauté de l'Anneau
97%
Dame de Lórien
95%
Ages durant lequel elle vécutPremier/Deuxième/Troisième
92%
Lothlórien
90%
Groupe auquel elle appartientConseil Blanc
80%
EpouxCeleborn
73%
Contrées et royaumesValinor
60%
Actrice l'interprétant dans les filmsCate Blanchett
55%
Groupe de l'espèceNoldor
45%
FilleCelebrían
38%
Maison (lignée)Finarfin
33%
PèreFinarfin
33%
Doriath
32%
FrèresFinrod
30%
Surnoms{Sorcière} du Bois Doré
28%
Orodreth
22%
Aegnor
20%
Angrod
20%
CitésMenegroth
18%
MèreEärwen
15%
Caras Galadhon
12%
Nerwen
8%
Tirion
8%
Autres nomsAlatáriel
3%
Artanis
3%

Distribution des résultats

Percentile par nombre de réponses

% des personnes avec chaque résultat

Votre développement - résultats

Vous n’avez pas pris ce quiz depuis la dernière actualisation